00707cam a2200193 a 450000100100000000500170001000800410002702000150006804000250008308200170010810000250012524501180015026000290026830000210029749000400031850400340035865000760039265000450046800000617720200929151948.0770812s1975 sp b 001 p spa  a8432505455 aDO-SdBNPbspacBNPHU a861.3bS582b1 aSiles, Jaime,d1951-13aEl barroco en la poesía española :bconscienciación lingüística y tensión histórica /cJaime Siles. aMadrid :bDoncel,c1975. a196 p. ;c18 cm.1 aEl Libro de bolsillo Doncelvno. 78 aBibliografía: p. [181]-196. 4aPoesía españolayPERÍODO CLASICO, 1500-1700xHistoria y crítica 4aLiteratura barrocaxHistoria y crítica